00480 2200169 4500001002100000005001500021008004100036020001800077035001900095041000700114082001100121090001100132100002100143245005700164260007300221300001600294INLIS00000000001057120241224114025241224||||||||| | ||| |||| || |  a979-8026-22-5 0010-1224010571 aid0 a327.11 a327.110 aBantarto Bandoro00aNon-Aligned movement:its future and action programme aJakartabCentre Of Sterategic and International Studies (CSIS)c1992 a114hlm;21cm